000 00713nab a2200181 4500
001 244442
003 OSt
005 20241121083326.0
007 tu
008 200917s2020|||||||
040 _aDE-2950
_cDE-2950
245 0 0 _aMehrheit für Würdigung von Fritz Krause
_bDiskussion. Die Stadtverordneten in Frankfurt (Oder) haben mehrheitlich für eine Würdigung von Alt-Oberbürgermeister Fritz Krause gestimmt - vorerst allerdings ohne Büste. Die Debatte geriet zu einer hochemotionalen Angelegenheit/
_cThomas Gutke
264 _c2024
653 _aFrankfurt (Oder)
653 _aFritz Krause
773 0 _g35. Jahrgang (2024) Nr. 262 vom 09.11.2024, S. 17 mit Foto
_tMärkische Oderzeitung
942 _2z
_cA
999 _c373458
_d373458